Energy efficiency and historic buildings (Record no. 111790)

MARC details
000 -LEADER
fixed length control field 01174cad a22002535a 4500
001 - CONTROL NUMBER
control field L152003
008 - FIXED-LENGTH DATA ELEMENTS--GENERAL INFORMATION
fixed length control field 110120s2011 xxk f 000 0 eng d
035 ## - SYSTEM CONTROL NUMBER
System control number (Sirsi) u152003
041 0# - LANGUAGE CODE
Language code of text/sound track or separate title eng
050 04 - LIBRARY OF CONGRESS CALL NUMBER
Classification number 690.241 $2 18
100 1# - MAIN ENTRY--PERSONAL NAME
Personal name Pickles, David
245 00 - TITLE STATEMENT
Title Energy efficiency and historic buildings
Remainder of title application of part L of the building regulations to historic and traditionally constructed buildings
Medium [electronic resource]
260 ## - PUBLICATION, DISTRIBUTION, ETC.
Place of publication, distribution, etc. [S.l.]
Name of publisher, distributor, etc. English Heritage
Date of publication, distribution, etc. 2010
520 ## - SUMMARY, ETC.
Summary, etc. This guidance has been produced to help prevent conflicts between energy efficiency requirements in Part L of the building regulations and the conservation of historic and traditionally constructed buildings.
590 ## - LOCAL NOTE (RLIN)
Local note KA NTK
651 #4 - SUBJECT ADDED ENTRY--GEOGRAPHIC NAME
Geographic name England
Chronological subdivision 886-
690 ## - LOCAL SUBJECT ADDED ENTRY--TOPICAL TERM (OCLC, RLIN)
Topical term or geographic name as entry element BUILT ENVIRONMENT-BUILDING TYPES-ANCIENT MONUMENTS AND HISTORIC BUILDINGS
690 ## - LOCAL SUBJECT ADDED ENTRY--TOPICAL TERM (OCLC, RLIN)
Topical term or geographic name as entry element Building regulations
9 (RLIN) 6224
700 1# - ADDED ENTRY--PERSONAL NAME
Personal name Brocklebank, Ian
700 1# - ADDED ENTRY--PERSONAL NAME
Personal name Wood, Chris
710 1# - ADDED ENTRY--CORPORATE NAME
Corporate name or jurisdiction name as entry element English Heritage
9 (RLIN) 2714
856 40 - ELECTRONIC LOCATION AND ACCESS
Uniform Resource Identifier <a href="https://www.english-heritage.org.uk/publications/energy-efficiency-historic-buildings-partl/">https://www.english-heritage.org.uk/publications/energy-efficiency-historic-buildings-partl/</a>
Public note View this item free of charge at www.english-heritage.org.uk
942 ## - ADDED ENTRY ELEMENTS (KOHA)
Suppress in OPAC 0
Holdings
Withdrawn status Lost status Source of classification or shelving scheme Damaged status Not for loan Home library Current library Shelving location Date acquired Total Checkouts Full call number Barcode Date last seen Copy number Price effective from Koha item type
    Dewey Decimal Classification     Virtual Virtual Online 20/01/2011   ONLINE PUBLICATION 152003-1001 06/08/2019 1 06/08/2019 Book